000 00430nam a2200181Ia 4500
001 2046
005 20260306143813.0
008 260306t2015||||xx |||||||||||||| ||spa||
041 _aESP
082 _a611.8
_bH16
100 _aHaines, Duane E.
_eAUT
245 0 _aNeuroanatomía clínica:
_btexto y atlas
260 _c2015
300 _a346 páginas :
_c30 cm.
650 _aGEN
654 _aCPS
942 _cLIB
_dJUS
_fJUS
_2ddc
_n
999 _c2046
_d2046